Normal view MARC view
  • Khan, Javed I.

Entry Personal Name

Number of records used in: 1

001 - CONTROL NUMBER

  • control field: 132556

003 - CONTROL NUMBER IDENTIFIER

  • control field: NUST

005 - DATE AND TIME OF LATEST TRANSACTION

  • control field: 20251223145104.0

008 - FIXED-LENGTH DATA ELEMENTS

  • fixed length control field: 251223|| aca||aabn | a|a d

040 ## - CATALOGING SOURCE

  • Original cataloging agency: NUST
  • Transcribing agency: NUST

100 ## - HEADING--PERSONAL NAME

  • Personal name: Khan, Javed I.
  • Titles and other words associated with a name: (Professor of computer science)

670 ## - SOURCE DATA FOUND

  • Source citation: Work cat.: (NUST)0: Bansal, Arvind Kumar, author. 132555, Introduction to computational health informatics /
© 2023 Central Library, National University of Sciences and Technology. All Rights Reserved.